| 000 | 01251cam a2200301 a 4500 | ||
|---|---|---|---|
| 999 |
_c330084 _d330084 |
||
| 001 | 1637913 | ||
| 003 | NUST | ||
| 005 | 20170608093855.0 | ||
| 008 | 960423s1996 no b 001 0 eng | ||
| 010 | _a 96068424 | ||
| 020 | _a0803975112 (pbk.) | ||
| 040 |
_aDLC _cDLC _dDLC |
||
| 050 | 0 | 0 |
_aJX1904.5 _b.G344 1996 |
| 082 |
_a327.172 _bGAL 1996 |
||
| 100 | 1 |
_aGaltung, Johan. _92177 |
|
| 245 | 1 | 0 |
_aPeace by peaceful means : _bpeace and conflict, development and civilization / _cJohan Galtung. |
| 260 |
_aOslo : _bInternational Peace Research Institute ; _aLondon ; _aThousand Oaks, CA : _bSage Publications, _c1996. |
||
| 300 |
_aviii, 280 p. ; _c25 cm. |
||
| 504 | _aIncludes bibliographical references and index. | ||
| 650 | 0 |
_aPeace _xResearch. _92060 |
|
| 650 | 0 |
_aInternational relations. _9521 |
|
| 856 | 4 | 2 |
_3Publisher description _uhttp://www.loc.gov/catdir/enhancements/fy0656/96068424-d.html |
| 856 | 4 | 1 |
_3Table of contents only _uhttp://www.loc.gov/catdir/enhancements/fy0656/96068424-t.html |
| 906 |
_a7 _bcbc _corignew _d2 _eopcn _f19 _gy-gencatlg |
||
| 942 |
_2ddc _cBK |
||